000 00301nam a22001217a 4500
008 180426b xxu||||| |||| 00| 0 eng d
041 _aeng
080 _a043.3
100 _a0
101 _aARK-BA
245 _aRregullimi Urban i Segmentti te Lumit Krena ne Gjakove
_cBejtullahu, J
942 _2udc
_cBK
999 _c45580
_d45580